Electores del Sacro Imperio Romano Germánico - Estadísticas

Estadísticas generales
  • Esta prueba ha sido intentada 43 veces
  • La puntuación promedio es 7 de 14
Estadísticas de respuestas
Período Electorado % Correcto
1621-1806 Electorado de Baviera
88%
1296-1806 Electorado de Sajonia
79%
1257-16211648-1777 Electorado del Palatinado
71%
1238-1801 Arzobispado de Colonia
65%
1257-1806 Reino de Bohemia
59%
1803-1806 Electorado de Baden
53%
1257-1801 Arzobispado de Maguncia
44%
1189-1801 Arzobispado de Tréveris
44%
1268-1806 Margraviato de Brandeburgo
41%
1803-1806 Electorado de Wurtemberg
38%
1803-1806 Electorado de Hesse
35%
1692-1806 Electorado de Brunswick-Luneburgo
21%
1803-1805 Electorado de Salzburgo
15%
1805-1806 Gran Ducado de Wurzburgo
3%
No se encontraron pruebas coincidentes
Distribución de puntuación
Porcentaje de gente con cada puntuación
Porcentaje por número respondido
Historial de tus puntuaciones
No has intentado esta prueba.